<?xml version="1.0" encoding="UTF-8"?>
<collection xmlns="http://www.loc.gov/MARC21/slim">
 <record>
  <leader>00479pamaa2200133   4500</leader>
  <controlfield tag="001">0000021141</controlfield>
  <controlfield tag="005">20061010090000.0</controlfield>
  <datafield tag="020" ind1="0" ind2="0">
   <subfield code="a">0882142208 (pbk) </subfield>
  </datafield>
  <datafield tag="090" ind1="0" ind2="0">
   <subfield code="a">PA6275.E5 </subfield>
   <subfield code="b">CAT 1991</subfield>
  </datafield>
  <datafield tag="100" ind1="1" ind2="0">
   <subfield code="a">CATULLUS </subfield>
  </datafield>
  <datafield tag="245" ind1="1" ind2="0">
   <subfield code="a">Caius Valerius Catullus's complete poetic works  </subfield>
   <subfield code="c">translated, annotated, introduced with biographical essays and newly arranged according to subject by Jacob Rabinowitz.</subfield>
  </datafield>
  <datafield tag="260" ind1="0" ind2="0">
   <subfield code="a">Texaz: </subfield>
   <subfield code="b">Spring Pub., </subfield>
   <subfield code="c">1991.</subfield>
  </datafield>
  <datafield tag="300" ind1=" " ind2=" ">
   <subfield code="a">x, 150p.; </subfield>
   <subfield code="c">22cm.</subfield>
  </datafield>
  <datafield tag="700" ind1="1" ind2="1">
   <subfield code="a">Rabinowitz, </subfield>
   <subfield code="h">Jacob </subfield>
  </datafield>
 </record>
</collection>
